| 000 | 00730cam a22002054a 4500 | ||
|---|---|---|---|
| 005 | 20250605163940.0 | ||
| 008 | 250528s ||||||||||||||||||||||||d | ||
| 035 | _a15002 | ||
| 020 | _a887361706 | ||
| 040 |
_aGR-AtMCL _bgre _dGR-AtMCL _eAACR2 |
||
| 245 | 1 | _aInteractive Fiction and Adventure Games for Microcomputers / An Annotated Directory 1988 | |
| 260 | _c1987 | ||
| 300 | _a192 | ||
| 520 | _aAcknowledgements, Introduction, The Games: A to Z, Making Your Own Adventure, Bibliography: Interactive Fiction Help Books, Game Magazines, Other Sources of Software, Souvenirs, Producer Index, Title Index. | ||
| 700 | 1 |
_aDewey R. Patrick _9829 |
|
| 700 | 1 |
_aMeckler _9830 |
|
| 942 | _cBK | ||
| 999 |
_c608 _d608 |
||